000 00517ntaaa2200193 4500
003 01
005 20251027202357.0
008 0714s1973 ag 01
040 _aAR-BaBN
_bspa
_cAR-BaBN
_eaacr
_dRIC
082 _a282.0000 V73
100 _aViñas, José María
_922487
245 _aSan Antonio María Claret
250 _a1 ed.
260 _aMadrid :
_bBiblioteca de Autores Cristianos,
_cc1959
300 _axiv, 961 p
650 _aClaret, San Antonio María
_922488
650 _aCatolicismo
_9316
942 _cBK
999 _c18670
_d18670